Study of the soils of plots of Hevea in lower Ivory Coast (Record no. 45340)

MARC details
000 -LEADER
fixed length control field 00381nam a2200157Ia 4500
100 ## - MAIN ENTRY--AUTHOR NAME
Personal name Bi Tra Tie
245 #0 - TITLE STATEMENT
Title Study of the soils of plots of Hevea in lower Ivory Coast
260 ## - PUBLICATION, DISTRIBUTION, ETC. (IMPRINT)
Name of publisher Caout et Plast
300 ## - PHYSICAL DESCRIPTION
Number of Pages 35-36
650 ## - SUBJECT ADDED ENTRY--TOPICAL TERM
Topical Term Hevea
650 ## - SUBJECT ADDED ENTRY--TOPICAL TERM
Topical Term Ivory Coast
650 ## - SUBJECT ADDED ENTRY--TOPICAL TERM
Topical Term Soil
700 ## - ADDED ENTRY--PERSONAL NAME
Personal name Omont Hubert
942 ## - ADDED ENTRY ELEMENTS (KOHA)
Koha item type Reprints
Holdings
Withdrawn status Lost status Damaged status Not for loan Home library Current library Shelving location Date acquired Serial Enumeration / chronology Accession Number Koha item type
      Reprints RRII Library RRII Library Agronomy 22/12/2021 Volume 673, Issue P01161 Reprints